00423nam a2200145 i 450000100060000000300090000600500170001500700030003200800410003510000390007624500600011526000580017530000220023385200220025597996ES-MaACL20230906182210.0t|050721s1972 pr |||| | spa d1 aMárquez y de la Cerra, Miguel F.13aEl gallo cantó / cMiguel F. Márquez y de la Cerra. aRío Piedras (Puerto Rico) : bEd. San Juan, c1972. a190 p. ; c20 cm. aES-MaACLjC-49588